000 00296nam a22001337a 4500
008 170412b xxu||||| |||| 00| 0 eng d
020 _a9780815196693
041 _aeng
080 _22ND
_a612.39
100 _a10
101 _aSM
245 _aCLINICAL NUTRITION
_cMORGAN, S.L
942 _2udc
_cBK
999 _c10469
_d10469